|
|
|
|
| LEADER |
00694nta a2200193 i 4500 |
| 001 |
dipl85405 |
| 005 |
20200504082647.0 |
| 008 |
200504s2016 hu om 0|| hun d |
| 040 |
|
|
|a SZTE Diploma Repozitórium
|b hun
|
| 041 |
|
|
|a hun
|
| 100 |
1 |
|
|a Pap Andrea
|
| 245 |
1 |
0 |
|a Kábítószer-probléma a büntetés-végrehajtásban
|h [elektronikus dokumentum] /
|c Andrea Pap
|
| 246 |
1 |
0 |
|a Drug-problem in prison practice
|h [elektronikus dokumentum]
|
| 260 |
|
|
|c 2016
|
| 650 |
|
4 |
|a Jogi és igazgatási tanulmányok
|
| 650 |
|
4 |
|a Drugs
|
| 650 |
|
4 |
|a Law, criminology, penology
|
| 700 |
1 |
|
|a Juhász Zsuzsanna
|e ths
|
| 856 |
4 |
0 |
|u http://diploma.bibl.u-szeged.hu/id/eprint/85405/1/2016_pap_andrea.pdf
|z Dokumentum-elérés
|